[Event "Turkey Cup 2020"]
[Site "Antalya-Belek"]
[Date "2020.01.29"]
[Round "6.63"]
[White "Yilmaz, Serkan"]
[Black "Erdogmus, Yagiz Kaan"]
[Result "0-1"]
[WhiteElo "1602"]
[BlackElo "1866"]
[Annotator "NA"]
[PlyCount "84"]
[EventDate "2020.01.26"]
[EventType "swiss"]
[EventCountry "TUR"]
[SourceTitle "playchess.com"]
[Source "ChessBase"]
[SourceQuality "1"]

1. e4 c5 2. Nf3 e6 3. d4 cxd4 4. Nxd4 Nf6 5. Nc3 Nc6 6. Be2 Bb4 7. Nxc6 bxc6 8. Bd3 d5 9. exd5 cxd5 10. O-O O-O 11. Bg5 Be7 12. Re1 Rb8 13. Rb1 Bb7 14. Qf3 h6 15. Bh4 Qa5 16. Qg3 Ba6 17. Bxa6 Qxa6 18. a3 Rfc8 19. Qe3 Rc4 20. Qd3 Qc6 21. Bg3 Rc8 22. Be5 Nd7 23. Bd4 Bc5 24. Ne2 e5 25. Bxc5 Nxc5 26. Qd1 Ne4 27. Ng3 Rxc2 28. Nxe4 dxe4 29. h3 Qc5 30. Re2 Rc4 31. g4 Rd4 32. Qe1 Qd5 33. Re3 Rc2 34. Re2 Rxe2 35. Qxe2 Rd2 36. Qe1 Qd3 37. Qf1 Qd4 38. Qe1 Rd3 39. Kg2 e3 40. fxe3 Rxe3 41. Qf2 Qe4+ 42. Kh2 Re2 0-1

[Event "Turkey Cup 2020"]
[Site "Antalya-Belek"]
[Date "2020.01.29"]
[Round "6.64"]
[White "Muftuoglu, Musa Emin"]
[Black "Araboga, Mesut"]
[Result "1-0"]
[WhiteElo "1834"]
[BlackElo "1627"]
[Annotator "NA"]
[PlyCount "65"]
[EventDate "2020.01.26"]
[EventType "swiss"]
[EventCountry "TUR"]
[SourceTitle "playchess.com"]
[Source "ChessBase"]
[SourceQuality "1"]

1. d4 Nf6 2. Bg5 d5 3. e3 Bf5 4. c4 e6 5. Nc3 c6 6. Qb3 Qd7 7. Nf3 Bd6 8. c5 Be7 9. Be2 O-O 10. O-O h6 11. Bh4 Re8 12. Rfc1 Qc8 13. Qd1 Nbd7 14. b4 Ne4 15. Bxe7 Rxe7 16. Nxe4 Bxe4 17. a4 e5 18. b5 Bh7 19. a5 e4 20. Nd2 g5 21. a6 f5 22. axb7 Qxb7 23. bxc6 Qxc6 24. Ra6 Qc7 25. Qb3 Kg7 26. Qxd5 Rb8 27. Nc4 f4 28. Nd6 Rf8 29. Qa2 Nb8 30. Nb5 Qc8 31. Rxa7 Rxa7 32. Qxa7+ Rf7 33. Qxf7+ 1-0

[Event "Turkey Cup 2020"]
[Site "Antalya-Belek"]
[Date "2020.01.29"]
[Round "6.65"]
[White "Bayik, Hasan"]
[Black "Hasanoglu, Hakan"]
[Result "0-1"]
[WhiteElo "1822"]
[BlackElo "1554"]
[Annotator "NA"]
[PlyCount "56"]
[EventDate "2020.01.26"]
[EventType "swiss"]
[EventCountry "TUR"]
[SourceTitle "playchess.com"]
[Source "ChessBase"]
[SourceQuality "1"]

1. d4 d5 2. c4 e6 3. e3 Nf6 4. Nf3 Be7 5. Qc2 O-O 6. Bd3 dxc4 7. Bxc4 c5 8. O-O cxd4 9. exd4 Nc6 10. Rd1 Nb4 11. Qb3 b6 12. a3 Nbd5 13. Nc3 Bb7 14. Bg5 Nxc3 15. Qxc3 Ne4 16. Bxe7 Nxc3 17. Bxd8 Nxd1 18. Be7 Rfe8 19. Bb4 Nxb2 20. Bb5 Rec8 21. Rb1 Nc4 22. Rc1 Na5 23. Rd1 Nc6 24. Bd6 Rd8 25. Bf4 Rac8 26. h4 Ne7 27. Ne5 Nf5 28. Bd7 Rc7 0-1

[Event "Turkey Cup 2020"]
[Site "Antalya-Belek"]
[Date "2020.01.29"]
[Round "6.66"]
[White "Gursu, Ahmet Burak"]
[Black "Temizer, Umut"]
[Result "0-1"]
[WhiteElo "1297"]
[BlackElo "1927"]
[Annotator "NA"]
[PlyCount "79"]
[EventDate "2020.01.26"]
[EventType "swiss"]
[EventCountry "TUR"]
[SourceTitle "playchess.com"]
[Source "ChessBase"]
[SourceQuality "1"]

1. d4 d5 2. c4 e6 3. Nf3 Nf6 4. Nc3 c6 5. e3 Nbd7 6. b3 Bb4 7. Bd2 O-O 8. Bd3 Qe7 9. cxd5 exd5 10. O-O Re8 11. Qc2 Bd6 12. Rfe1 Ne4 13. a3 g5 14. h3 f5 15. Bxe4 dxe4 16. Nh2 Nf6 17. b4 a6 18. Na4 Be6 19. Nc5 Bd5 20. Rec1 g4 21. h4 g3 22. fxg3 Bxg3 23. Be1 f4 24. Bxg3 fxg3 25. Nf1 Ng4 26. Qe2 Qxh4 27. Qe1 Rf8 28. Rc2 Rf2 29. Nd7 Rxf1+ 30. Kxf1 Qh1+ 31. Ke2 Qxg2+ 32. Kd1 Bb3 33. Qe2 Bxc2+ 34. Kd2 Qxe2+ 35. Kxe2 Bd3+ 36. Kd2 Nh2 37. Nf6+ Kf7 38. Ng4 Nf3+ 39. Kc3 h5 40. Ne5+ 0-1

[Event "Turkey Cup 2020"]
[Site "Antalya-Belek"]
[Date "2020.01.29"]
[Round "6.67"]
[White "Alexanian, Nelli"]
[Black "Anacak, Hasan Gunes"]
[Result "1-0"]
[WhiteElo "2012"]
[BlackElo "1677"]
[Annotator "NA"]
[PlyCount "71"]
[EventDate "2020.01.26"]
[EventType "swiss"]
[EventCountry "TUR"]
[SourceTitle "playchess.com"]
[Source "ChessBase"]
[SourceQuality "1"]

1. d4 Nf6 2. c4 g6 3. Nc3 d5 4. cxd5 Nxd5 5. e4 Nxc3 6. bxc3 Bg7 7. Bc4 c5 8. Ne2 O-O 9. O-O Nc6 10. Be3 cxd4 11. cxd4 Na5 12. Bd3 Be6 13. d5 Bxa1 14. Qxa1 Bd7 15. Bh6 f6 16. Bxf8 Qxf8 17. Qd4 b6 18. f4 Rc8 19. e5 Rc5 20. Nc3 f5 21. Re1 Qd8 22. Ne2 Be8 23. Rd1 Bf7 24. e6 Be8 25. Bb1 Nb7 26. g4 fxg4 27. f5 Bb5 28. fxg6 h6 29. Qf4 Qf8 30. Qf7+ Qxf7 31. exf7+ Kf8 32. Nd4 Bd7 33. Rf1 Rc8 34. Bf5 Bxf5 35. Nxf5 Rc7 36. Nxe7 1-0

[Event "Turkey Cup 2020"]
[Site "Antalya-Belek"]
[Date "2020.01.29"]
[Round "6.68"]
[White "Celik, Eylul"]
[Black "Durmus, Kenan"]
[Result "1-0"]
[WhiteElo "1865"]
[BlackElo "1611"]
[Annotator "NA"]
[PlyCount "79"]
[EventDate "2020.01.26"]
[EventType "swiss"]
[EventCountry "TUR"]
[SourceTitle "playchess.com"]
[Source "ChessBase"]
[SourceQuality "1"]

1. d4 Nf6 2. c4 e5 3. dxe5 Ng4 4. Bf4 Nc6 5. Nf3 Bb4+ 6. Nbd2 Qe7 7. a3 Ngxe5 8. Nxe5 Nxe5 9. e3 Bxd2+ 10. Qxd2 d6 11. Be2 Bd7 12. b4 O-O 13. O-O Rad8 14. Rac1 a6 15. Qb2 Bf5 16. Rfd1 Rfe8 17. c5 Qf6 18. Qc3 d5 19. a4 c6 20. b5 axb5 21. axb5 Nd7 22. Qxf6 Nxf6 23. b6 Ra8 24. Ra1 Ne4 25. Ra7 Nxc5 26. g4 Bg6 27. Rc1 Na4 28. Rxb7 d4 29. Bf3 d3 30. Bxc6 d2 31. Rd1 Red8 32. Bxa4 Rxa4 33. Rxd2 Re8 34. Ra7 Rb4 35. Bc7 Rxg4+ 36. Kf1 Rc4 37. b7 Rxc7 38. Ra8 Rc1+ 39. Ke2 Bh5+ 40. f3 1-0

[Event "Turkey Cup 2020"]
[Site "Antalya-Belek"]
[Date "2020.01.29"]
[Round "6.69"]
[White "Ilcin, Murat Veysi"]
[Black "Caberoglu, Arda"]
[Result "0-1"]
[WhiteElo "1605"]
[BlackElo "1893"]
[Annotator "NA"]
[PlyCount "88"]
[EventDate "2020.01.26"]
[EventType "swiss"]
[EventCountry "TUR"]
[SourceTitle "playchess.com"]
[Source "ChessBase"]
[SourceQuality "1"]

1. d4 Nf6 2. c4 e6 3. Nf3 Bb4+ 4. Nc3 d5 5. cxd5 exd5 6. Bg5 Qd6 7. e3 Ne4 8. Qc2 Nxg5 9. Nxg5 Qg6 10. Qxg6 hxg6 11. Be2 c6 12. O-O O-O 13. a3 Bd6 14. b4 b5 15. Rfb1 Bf5 16. Rb2 a5 17. bxa5 Rxa5 18. a4 b4 19. Nb1 Nd7 20. Nd2 Rfa8 21. g4 Be6 22. Nxe6 fxe6 23. Bd1 c5 24. dxc5 Be5 25. Rab1 Bxb2 26. Rxb2 Rxc5 27. Kg2 Rc1 28. Bb3 Nc5 29. Bc2 Nxa4 30. Ra2 Nb6 31. Rxa8+ Nxa8 32. Bxg6 Rc3 33. Kf1 Nb6 34. Ke2 Nc4 35. Nb1 Rc1 36. f4 b3 37. h4 Rc2+ 38. Kd3 Rg2 39. e4 Rxg4 40. h5 Rxf4 41. exd5 Ne5+ 42. Ke3 Nxg6 43. hxg6 Rf1 44. dxe6 Rxb1 0-1

[Event "Turkey Cup 2020"]
[Site "Antalya-Belek"]
[Date "2020.01.29"]
[Round "6.70"]
[White "Ozkale, Can Barkin"]
[Black "Yilmaz, Cumhur"]
[Result "0-1"]
[WhiteElo "1796"]
[BlackElo "1719"]
[Annotator "NA"]
[PlyCount "116"]
[EventDate "2020.01.26"]
[EventType "swiss"]
[EventCountry "TUR"]
[SourceTitle "playchess.com"]
[Source "ChessBase"]
[SourceQuality "1"]

1. e4 d5 2. exd5 Qxd5 3. Nc3 Qd6 4. d4 Nf6 5. Nf3 c6 6. Be2 Bg4 7. Be3 Nbd7 8. Qd2 e6 9. O-O Bxf3 10. Bxf3 Nb6 11. Bf4 Nc4 12. Qc1 Qxd4 13. Rd1 Qc5 14. b3 Ne5 15. Bxe5 Qxe5 16. Ne2 Bd6 17. g3 Rd8 18. c4 O-O 19. Qc2 Rd7 20. Rab1 a5 21. Qc3 Rfd8 22. Qxe5 Bxe5 23. Rxd7 Rxd7 24. b4 a4 25. b5 Rd2 26. bxc6 bxc6 27. Nf4 Rxa2 28. Nd3 Ra1 29. Rxa1 Bxa1 30. Bxc6 a3 31. Ba4 Bd4 32. Bb3 Ne4 33. Kg2 Kf8 34. f3 Nd2 35. Ba2 Ke7 36. g4 f6 37. h4 g6 38. Kg3 e5 39. h5 f5 40. gxf5 gxf5 41. Nb4 Kd6 42. Nd5 h6 43. Nb4 Bc5 44. Nd3 Bd4 45. Nb4 Bb6 46. Nd5 Nf1+ 47. Kh3 Bd4 48. Nb4 Kc5 49. Nd3+ Kd6 50. Nb4 e4 51. fxe4 fxe4 52. Nc2 Bc5 53. Kg4 Ke5 54. Bb3 Ne3+ 55. Nxe3 Bxe3 56. c5 Bxc5 57. Kg3 Kd4 58. Kf4 e3 0-1

[Event "Turkey Cup 2020"]
[Site "Antalya-Belek"]
[Date "2020.01.29"]
[Round "6.71"]
[White "Tutumlu, Ali"]
[Black "Sarac, Mehmet Ali"]
[Result "0-1"]
[WhiteElo "1754"]
[BlackElo "1804"]
[Annotator "NA"]
[PlyCount "117"]
[EventDate "2020.01.26"]
[EventType "swiss"]
[EventCountry "TUR"]
[SourceTitle "playchess.com"]
[Source "ChessBase"]
[SourceQuality "1"]

1. e4 c6 2. Nc3 d5 3. exd5 cxd5 4. d4 Nc6 5. h3 Nf6 6. Nf3 Bf5 7. Bd3 Bxd3 8. Qxd3 e6 9. O-O Bd6 10. Bg5 h6 11. Bd2 O-O 12. a3 a6 13. Rfe1 Qc7 14. Re2 b5 15. b4 Bxb4 16. Nxd5 Nxd5 17. axb4 Ncxb4 18. Bxb4 Nxb4 19. Qb3 Nd5 20. Ne5 Rfc8 21. g3 Qc3 22. Qxc3 Rxc3 23. Nd3 a5 24. Rd2 a4 25. Kf1 Rc4 26. Ne1 Nb4 27. Ke2 Rac8 28. Kd1 Rd8 29. Nf3 Nc6 30. Kc1 Nxd4 31. Nxd4 Rcxd4 32. Rxd4 Rxd4 33. Rb1 b4 34. c3 bxc3 35. Rb8+ Kh7 36. Rc8 Rd2 37. Rxc3 Rxf2 38. Ra3 Rg2 39. Kd1 Rb2 40. Rxa4 Rb3 41. Rf4 Rxg3 42. Rxf7 Rxh3 43. Ke2 Kg6 44. Re7 Kf6 45. Re8 g5 46. Kf2 h5 47. Kg2 g4 48. Rf8+ Ke5 49. Rh8 Ke4 50. Rg8 e5 51. Re8 Kd4 52. Rd8+ Ke3 53. Re8 e4 54. Rh8 Kd2 55. Rd8+ Rd3 56. Rh8 e3 57. Rxh5 e2 58. Ra5 e1=Q 59. Ra2+ 0-1

[Event "Turkey Cup 2020"]
[Site "Antalya-Belek"]
[Date "2020.01.29"]
[Round "6.72"]
[White "Mangal, Ali"]
[Black "Kisadere, Kutay"]
[Result "0-1"]
[WhiteElo "1702"]
[BlackElo "1831"]
[Annotator "NA"]
[PlyCount "140"]
[EventDate "2020.01.26"]
[EventType "swiss"]
[EventCountry "TUR"]
[SourceTitle "playchess.com"]
[Source "ChessBase"]
[SourceQuality "1"]

1. d4 Nf6 2. c4 e6 3. Nf3 d5 4. Nc3 Be7 5. Bf4 O-O 6. e3 c5 7. cxd5 Nxd5 8. Nxd5 Qxd5 9. Be2 cxd4 10. exd4 Nc6 11. O-O Rd8 12. Be3 b6 13. Qa4 Bb7 14. Rfd1 Nb4 15. Rdc1 Bc6 16. Qd1 Bb5 17. a3 Nc6 18. Bxb5 Qxb5 19. Qc2 Rac8 20. Qe4 Bf6 21. Rc2 Ne7 22. Rac1 Rxc2 23. Qxc2 h6 24. h3 Rc8 25. Qd2 Rxc1+ 26. Qxc1 Qd5 27. Qc3 Nc6 28. b4 a6 29. Kh1 b5 30. Kg1 Qd6 31. Kf1 Qd5 32. Kg1 Kf8 33. Kf1 Ke8 34. Ke2 Kd7 35. g3 Qh5 36. h4 Qf5 37. Qd3 Qd5 38. Qc3 h5 39. Qd3 g6 40. Qc3 Bg7 41. Qb2 Qc4+ 42. Kd2 Bf6 43. Ke1 Qd3 44. Ne5+ Bxe5 45. dxe5 Qd5 46. f4 Ne7 47. Bf2 Qd3 48. Qc1 Nd5 49. Qc5 Qc3+ 50. Qxc3 Nxc3 51. Bd4 Ne4 52. Bf2 Kc6 53. Ke2 Nc3+ 54. Kd3 Nb1 55. a4 bxa4 56. Bd4 Na3 57. Bb2 Nb5 58. Kc4 Nc7 59. Bd4 Nd5 60. Bf2 a3 61. Kb3 Kb5 62. Kxa3 Nxb4 63. Kb3 a5 64. Ka3 Nd3 65. Be3 Nc5 66. Bf2 Kc4 67. Bg1 Ne4 68. Bh2 Kb5 69. Kb3 a4+ 70. Ka3 Ka5 0-1

[Event "Turkey Cup 2020"]
[Site "Antalya-Belek"]
[Date "2020.01.29"]
[Round "6.73"]
[White "Demirci, Fatih"]
[Black "Ozgen, Tolga"]
[Result "1-0"]
[WhiteElo "1749"]
[BlackElo "1638"]
[Annotator "NA"]
[PlyCount "131"]
[EventDate "2020.01.26"]
[EventType "swiss"]
[EventCountry "TUR"]
[SourceTitle "playchess.com"]
[Source "ChessBase"]
[SourceQuality "1"]

1. e4 Nf6 2. e5 Nd5 3. c4 Nb6 4. c5 Nd5 5. Bc4 e6 6. Nc3 Nxc3 7. bxc3 Bxc5 8. d4 Bf8 9. Qg4 g6 10. Bg5 Be7 11. Bh6 d5 12. Bd3 c5 13. Ne2 Nc6 14. h4 cxd4 15. cxd4 Qa5+ 16. Kf1 Bd7 17. g3 O-O-O 18. Kg2 f5 19. Qf3 Kb8 20. Rhb1 Ka8 21. a4 Qc7 22. Rc1 Rhg8 23. Qe3 Rb8 24. Nc3 Rgc8 25. Kg1 Bb4 26. a5 Bxc3 27. Rxc3 Qd8 28. Bg5 Qf8 29. Rc5 Nb4 30. Rac1 Nxd3 31. Qxd3 Rxc5 32. Rxc5 Rc8 33. Rxc8+ Bxc8 34. Qc3 Kb8 35. Bc1 Qe8 36. Ba3 Qc6 37. Bd6+ Ka8 38. Qd2 b6 39. Qh6 Qd7 40. axb6 axb6 41. Qc1 Kb7 42. Qa3 Qb5 43. Qc1 Qc6 44. Qh6 Qd7 45. Kg2 Qf7 46. Qg5 Qd7 47. Qf6 Ka6 48. Qh8 Ka5 49. Qf8 Ka6 50. Bb8 Kb7 51. Bd6 Ka6 52. Kf3 Qc6 53. Kg2 Qd7 54. Qh6 Kb7 55. Qd2 Qb5 56. Qc2 Qc4 57. Qb2 Qc6 58. Bc5 Kc7 59. Bf8 Bb7 60. Bd6+ Kd7 61. Qd2 Kc8 62. Qh6 Qd7 63. Qf8+ Qd8 64. Qg7 Bc6 65. Qa7 Bb7 66. Qb8+ 1-0

[Event "Turkey Cup 2020"]
[Site "Antalya-Belek"]
[Date "2020.01.29"]
[Round "6.74"]
[White "Gundogan, Sinem Cagla"]
[Black "Yildirim, Kemal"]
[Result "1/2-1/2"]
[WhiteElo "1808"]
[BlackElo "1695"]
[Annotator "NA"]
[PlyCount "83"]
[EventDate "2020.01.26"]
[EventType "swiss"]
[EventCountry "TUR"]
[SourceTitle "playchess.com"]
[Source "ChessBase"]
[SourceQuality "1"]

1. e4 e6 2. d4 d5 3. e5 c5 4. c3 Nc6 5. Nf3 Qb6 6. a3 Nh6 7. b4 cxd4 8. Bxh6 gxh6 9. cxd4 Bd7 10. Be2 Rg8 11. O-O Rg4 12. h3 Rf4 13. g3 Rxf3 14. Bxf3 Qxd4 15. Qxd4 Nxd4 16. Bh5 a5 17. Rd1 Nc6 18. Nc3 axb4 19. axb4 Rxa1 20. Rxa1 Bxb4 21. Ra8+ Ke7 22. Na4 Nxe5 23. Nb6 Bc6 24. Nc8+ Kf6 25. Na7 Ba4 26. Rb8 Bc5 27. Rxb7 Kf5 28. Nb5 f6 29. Nc3 Bc6 30. Rc7 Bb6 31. Bg4+ Kg6 32. Rc8 f5 33. Bd1 d4 34. Na4 Ba7 35. Rc7 Bb8 36. Rc8 Ba7 37. f4 Nf3+ 38. Kh1 Bd5 39. Rc7 Bb8 40. Rc8 Ba7 41. Rc7 Bb8 42. Rc8 1/2-1/2

[Event "Turkey Cup 2020"]
[Site "Antalya-Belek"]
[Date "2020.01.29"]
[Round "6.75"]
[White "Demirkesen, Mehmet Cihad"]
[Black "Benk, Tolga Tugay"]
[Result "1/2-1/2"]
[WhiteElo "1592"]
[BlackElo "1821"]
[Annotator "NA"]
[PlyCount "78"]
[EventDate "2020.01.26"]
[EventType "swiss"]
[EventCountry "TUR"]
[SourceTitle "playchess.com"]
[Source "ChessBase"]
[SourceQuality "1"]

1. c4 e5 2. Nc3 Nc6 3. e3 g6 4. d4 d6 5. d5 Nce7 6. e4 Bg7 7. Bd3 f5 8. f4 fxe4 9. Bxe4 Nf5 10. Nf3 exf4 11. Qe2 Ne3 12. Bxe3 fxe3 13. Qxe3 Qe7 14. O-O Nf6 15. Rae1 O-O 16. Qd3 Nxe4 17. Rxe4 Qd8 18. Nd4 Bxd4+ 19. Qxd4 Rxf1+ 20. Kxf1 Bf5 21. Re2 Qg5 22. Qe3 Qh4 23. Ne4 Bxe4 24. Qxe4 Rf8+ 25. Kg1 Qg5 26. Qe3 Qf5 27. Qe6+ Qxe6 28. Rxe6 Rf4 29. b3 Kf7 30. Re2 Kf6 31. Re6+ Kf7 32. Re2 Rd4 33. Rc2 b6 34. Kf2 Kf6 35. Ke3 Ke5 36. Rf2 Re4+ 37. Kd3 Rf4 38. Re2+ Kf6 39. Kc3 Kf7 1/2-1/2

[Event "Turkey Cup 2020"]
[Site "Antalya-Belek"]
[Date "2020.01.29"]
[Round "6.76"]
[White "Sepici, Batuhan"]
[Black "Aydogdu, Cagatay"]
[Result "0-1"]
[WhiteElo "1539"]
[BlackElo "1803"]
[Annotator "NA"]
[PlyCount "121"]
[EventDate "2020.01.26"]
[EventType "swiss"]
[EventCountry "TUR"]
[SourceTitle "playchess.com"]
[Source "ChessBase"]
[SourceQuality "1"]

1. d4 g6 2. Bf4 Bg7 3. Nc3 d5 4. Nf3 Nf6 5. h3 O-O 6. e3 c5 7. Be2 Nc6 8. O-O cxd4 9. exd4 Bf5 10. Bd3 Ne4 11. Ne2 h5 12. c3 f6 13. Nh4 e5 14. Nxf5 gxf5 15. Bh2 h4 16. f3 Nd6 17. Bc2 Nc4 18. Bxf5 Ne3 19. Qd3 Nxf1 20. Be6+ Kh8 21. Qf5 Qe8 22. Rxf1 Ne7 23. Qg4 Qg6 24. Qxg6 Nxg6 25. Bxd5 Rad8 26. Bb3 f5 27. dxe5 Bxe5 28. Bxe5+ Nxe5 29. Nd4 Rf6 30. Re1 Nc6 31. Nxc6 bxc6 32. Kf2 Rd2+ 33. Re2 Rxe2+ 34. Kxe2 Kg7 35. f4 Rd6 36. Ke3 Kf6 37. Bc2 c5 38. Bd3 Rb6 39. b3 Rb8 40. Be2 Ke7 41. Bd3 Rg8 42. Bxf5 Rxg2 43. a4 Rb2 44. Kd3 Rxb3 45. Kc4 Ra3 46. Kxc5 Rxc3+ 47. Kb5 Rf3 48. Bc8 Rxf4 49. a5 Kd8 50. Be6 Re4 51. Bd5 Re3 52. Bg2 Kc7 53. Ka6 Rg3 54. Bf1 Kb8 55. Kb5 Kb7 56. Kc5 Rg5+ 57. Kb4 Kc6 58. Ba6 Rg3 59. Bc8 a6 60. Be6 Rf3 61. Bc4 0-1

[Event "Turkey Cup 2020"]
[Site "Antalya-Belek"]
[Date "2020.01.29"]
[Round "6.77"]
[White "Aslanhan, Halis"]
[Black "Erkam, Hakan Oguzcan"]
[Result "1-0"]
[WhiteElo "1774"]
[BlackElo "1538"]
[Annotator "NA"]
[PlyCount "77"]
[EventDate "2020.01.26"]
[EventType "swiss"]
[EventCountry "TUR"]
[SourceTitle "playchess.com"]
[Source "ChessBase"]
[SourceQuality "1"]

1. e4 d6 2. d4 Nf6 3. Nc3 g6 4. Be3 Bg7 5. f3 a6 6. Qd2 b5 7. Bd3 Nc6 8. Nge2 Nb4 9. Bh6 Nxd3+ 10. cxd3 Bxh6 11. Qxh6 e5 12. d5 Qe7 13. Qg7 Rg8 14. Qh6 Rh8 15. O-O Qf8 16. Qe3 Qg7 17. Nd1 Bd7 18. Rc1 Rc8 19. Qa7 Ke7 20. Rxc7 Rxc7 21. Qxc7 h5 22. Ne3 Qh6 23. Qa7 h4 24. f4 Qh5 25. fxe5 Qxe5 26. Nd4 Kf8 27. Nc6 Qxb2 28. e5 Bxc6 29. exf6 Qe2 30. dxc6 Kg8 31. Qe7 Qxa2 32. Nc4 bxc4 33. Qe8+ Kh7 34. Qxf7+ Kh6 35. Qg7+ Kg5 36. Qxh8 Qe2 37. f7 h3 38. Qf6+ Kh5 39. Qf3+ 1-0

[Event "Turkey Cup 2020"]
[Site "Antalya-Belek"]
[Date "2020.01.29"]
[Round "6.78"]
[White "Yakar, Azat"]
[Black "Baylav, Bartu"]
[Result "1/2-1/2"]
[WhiteElo "1469"]
[BlackElo "1777"]
[Annotator "NA"]
[PlyCount "45"]
[EventDate "2020.01.26"]
[EventType "swiss"]
[EventCountry "TUR"]
[SourceTitle "playchess.com"]
[Source "ChessBase"]
[SourceQuality "1"]

1. e4 c5 2. Nf3 d6 3. g3 g6 4. Bg2 Bg7 5. O-O e6 6. c3 Ne7 7. d4 O-O 8. Be3 cxd4 9. cxd4 d5 10. e5 b6 11. Nc3 Ba6 12. Re1 Qd7 13. a3 Nbc6 14. b4 Bc4 15. g4 b5 16. Nd2 Rab8 17. Nb3 Bxb3 18. Qxb3 a5 19. Ne2 Nc8 20. Nc1 Nb6 21. Nd3 Na4 22. Rac1 Rfc8 23. Nc5 1/2-1/2

[Event "Turkey Cup 2020"]
[Site "Antalya-Belek"]
[Date "2020.01.29"]
[Round "6.79"]
[White "Yavic, Adnan"]
[Black "Temel, Burcu Melis"]
[Result "0-1"]
[WhiteElo "1590"]
[BlackElo "1752"]
[Annotator "NA"]
[PlyCount "106"]
[EventDate "2020.01.26"]
[EventType "swiss"]
[EventCountry "TUR"]
[SourceTitle "playchess.com"]
[Source "ChessBase"]
[SourceQuality "1"]

1. e4 c5 2. Nf3 e6 3. c3 Nc6 4. d4 cxd4 5. cxd4 d5 6. e5 Qb6 7. a3 Nh6 8. Bd3 Bd7 9. Bc2 Nf5 10. Bxf5 exf5 11. O-O Be7 12. Nc3 Be6 13. b4 O-O 14. Na4 Qd8 15. Nc5 Bc8 16. Be3 f6 17. Bf4 g5 18. Bc1 g4 19. Ne1 fxe5 20. dxe5 Nxe5 21. Ned3 Bf6 22. Rb1 b6 23. Nb3 Ba6 24. Nxe5 Bxf1 25. Nxg4 fxg4 26. Qxg4+ Kh8 27. Kxf1 Qc8 28. Qd1 Qc4+ 29. Kg1 Rae8 30. Be3 Qe4 31. g3 Be5 32. a4 Rc8 33. a5 Rc3 34. Nd2 Qg6 35. axb6 d4 36. bxa7 dxe3 37. Qf3 exf2+ 38. Qxf2 Qxb1+ 39. Nxb1 Rc1+ 40. Kg2 Rxf2+ 41. Kxf2 Bd4+ 42. Ke2 Bxa7 43. Nd2 Rh1 44. h4 Rh2+ 45. Kd3 Bb8 46. Ne4 Rg2 47. b5 Bxg3 48. Nxg3 Rxg3+ 49. Kc4 Rg4+ 50. Kc5 Rxh4 51. b6 Rh1 52. b7 Rb1 53. Kc6 h5 0-1

[Event "Turkey Cup 2020"]
[Site "Antalya-Belek"]
[Date "2020.01.29"]
[Round "6.80"]
[White "Camdereli, Gunduz"]
[Black "Turkkan, Ece"]
[Result "1-0"]
[WhiteElo "1763"]
[BlackElo "1563"]
[Annotator "NA"]
[PlyCount "61"]
[EventDate "2020.01.26"]
[EventType "swiss"]
[EventCountry "TUR"]
[SourceTitle "playchess.com"]
[Source "ChessBase"]
[SourceQuality "1"]

1. e4 d6 2. d4 Nf6 3. Nc3 g6 4. f3 Bg7 5. g4 c6 6. Be3 b5 7. Qd2 Qc7 8. O-O-O b4 9. Nce2 a5 10. Kb1 Na6 11. h4 h5 12. g5 Nd7 13. f4 Nb6 14. Nc1 O-O 15. f5 c5 16. Qf2 c4 17. Nh3 c3 18. b3 a4 19. Bd3 axb3 20. cxb3 Nb8 21. Nf4 Kh7 22. Qf3 Ba6 23. Bc2 Qa7 24. Rh2 Bb5 25. e5 Nc4 26. fxg6+ Kg8 27. bxc4 Bxc4 28. Bb3 Bxb3 29. Nxb3 fxg6 30. Qd5+ Kh7 31. Qe6 1-0

[Event "Turkey Cup 2020"]
[Site "Antalya-Belek"]
[Date "2020.01.29"]
[Round "6.81"]
[White "Demir, Hilmi Mustafa"]
[Black "Koca, Cisem"]
[Result "1/2-1/2"]
[WhiteElo "1806"]
[BlackElo "1643"]
[Annotator "NA"]
[PlyCount "49"]
[EventDate "2020.01.26"]
[EventType "swiss"]
[EventCountry "TUR"]
[SourceTitle "playchess.com"]
[Source "ChessBase"]
[SourceQuality "1"]

1. f4 b6 2. Nf3 Bb7 3. e3 g6 4. Be2 Bg7 5. O-O c5 6. c3 f5 7. d4 cxd4 8. exd4 Nf6 9. Ne5 e6 10. Nd2 O-O 11. Bf3 Bxf3 12. Qxf3 d5 13. a4 Nbd7 14. Qe2 Ne4 15. Ndf3 Nxe5 16. dxe5 Re8 17. Be3 Bf8 18. Nd2 Bc5 19. Bd4 Bxd4+ 20. cxd4 Qe7 21. Nxe4 dxe4 22. Rac1 Red8 23. Rc4 Rd5 24. g3 Rad8 25. Rd1 1/2-1/2

[Event "Turkey Cup 2020"]
[Site "Antalya-Belek"]
[Date "2020.01.29"]
[Round "6.82"]
[White "Aydin, Ataberk"]
[Black "Yucesoy, Atil"]
[Result "1/2-1/2"]
[WhiteElo "1283"]
[BlackElo "1680"]
[Annotator "NA"]
[PlyCount "79"]
[EventDate "2020.01.26"]
[EventType "swiss"]
[EventCountry "TUR"]
[SourceTitle "playchess.com"]
[Source "ChessBase"]
[SourceQuality "1"]

1. e4 d5 2. exd5 Qxd5 3. Nc3 Qd6 4. Nf3 Nf6 5. g3 e5 6. d3 Bg4 7. Bg2 Nc6 8. h3 Bh5 9. g4 Bg6 10. Be3 e4 11. dxe4 Nxe4 12. Nxe4 Bxe4 13. Qxd6 Bxd6 14. c3 Ne5 15. Ke2 Bc6 16. Bd4 Ng6 17. Bxg7 Nf4+ 18. Kf1 Bb5+ 19. Kg1 Ne2+ 20. Kf1 Rg8 21. Re1 Rxg7 22. Nd4 Ba6 23. Bf3 O-O-O 24. Bxe2 Bxe2+ 25. Rxe2 h5 26. f3 Bc5 27. Nf5 Rh7 28. Kg2 hxg4 29. fxg4 f6 30. Rhe1 Rd3 31. h4 Kd7 32. h5 b5 33. Re6 Rf7 34. h6 b4 35. cxb4 Bxb4 36. R1e3 Rd1 37. a3 Bc5 38. Re1 Rd3 39. Re8 Rh7 40. R8e2 1/2-1/2

[Event "Turkey Cup 2020"]
[Site "Antalya-Belek"]
[Date "2020.01.29"]
[Round "6.83"]
[White "Erdal, Emre"]
[Black "Arslan, Tayfun"]
[Result "1-0"]
[WhiteElo "1833"]
[BlackElo "1462"]
[Annotator "NA"]
[PlyCount "77"]
[EventDate "2020.01.26"]
[EventType "swiss"]
[EventCountry "TUR"]
[SourceTitle "playchess.com"]
[Source "ChessBase"]
[SourceQuality "1"]

1. e4 c5 2. c3 d5 3. exd5 Qxd5 4. d4 cxd4 5. cxd4 Nc6 6. Nf3 e6 7. Nc3 Bb4 8. a3 Bxc3+ 9. bxc3 Nf6 10. Bd3 h6 11. O-O O-O 12. Re1 b5 13. Rb1 a6 14. a4 Na7 15. axb5 axb5 16. Re5 Qa2 17. Bf4 Nd5 18. Bd2 Nc6 19. Re2 Qa3 20. Bxb5 Qd6 21. c4 Nf6 22. Be3 Bb7 23. Qc1 Ng4 24. Bf4 Nxd4 25. Nxd4 Qxd4 26. h3 Nf6 27. Be5 Qd3 28. Re3 Qf5 29. Qb2 Rfd8 30. c5 Be4 31. Rbe1 Bd5 32. Bd3 Qh5 33. Bxf6 gxf6 34. Rg3+ Kf8 35. Qxf6 Ke8 36. Rg8+ Kd7 37. Bb5+ Bc6 38. Bxc6+ Kc7 39. Qe7+ 1-0

[Event "Turkey Cup 2020"]
[Site "Antalya-Belek"]
[Date "2020.01.29"]
[Round "6.84"]
[White "Unal, Yusuf Evcim"]
[Black "Koc, Aylin"]
[Result "0-1"]
[WhiteElo "1680"]
[BlackElo "1500"]
[Annotator "NA"]
[PlyCount "58"]
[EventDate "2020.01.26"]
[EventType "swiss"]
[EventCountry "TUR"]
[SourceTitle "playchess.com"]
[Source "ChessBase"]
[SourceQuality "1"]

1. d4 Nf6 2. Bf4 d5 3. e3 e6 4. Nf3 Bd6 5. Bg3 c6 6. Ne5 Ne4 7. Bf4 O-O 8. f3 Nf6 9. g4 Nfd7 10. h4 Bxe5 11. dxe5 f6 12. exf6 Qxf6 13. Bd3 Qxb2 14. c3 e5 15. Rh2 Qb6 16. Bg5 Nc5 17. Bc2 e4 18. Nd2 exf3 19. Be7 Rf7 20. Rb1 Qc7 21. Nxf3 Qxe7 22. Ng5 Qxe3+ 23. Qe2 Qg3+ 24. Kd2 Qf4+ 25. Ke1 Rf8 26. Bxh7+ Kh8 27. Qe7 Bxg4 28. Qxc5 Re8+ 29. Be4 Qxh2 0-1